MARC

LEADER 00000nam0a2200000 4500
001 18129
005 20231030191157.0
010 |a 5020120677 
035 |a (RuTPU)RU\TPU\book\18278 
035 |a BOOK00000005 
090 |a 18129 
100 |a 20011209d1991 k y0rusy50 ca 
101 0 |a rus 
102 |a RU 
105 |a y z 000zy 
200 1 |a Новая финансовая политика: на пути к твердой валюте  |f Г. Я. Сокольников 
210 |a Москва  |c Наука  |d 1991 
215 |a 335 с. 
610 1 |a политика 
610 1 |a финансы 
610 1 |a СССР 
610 1 |a история 
610 1 |a экономическая история 
610 1 |a денежная реформа 
610 1 |a 20 век 
686 |a У9(2)26г  |v LBC/SL-A  |2 rubbk 
700 1 |a Сокольников  |b Г. Я.  |g Григорий Яковлевич 
801 0 |a RU  |b 63413507  |c 20011209  |g PSBO 
801 2 |a RU  |b 63413507  |c 20220517  |g PSBO 
942 |c BK